Computational probability and simulation /
Guardado en:
| Autor Principal: | |
|---|---|
| Formato: | Libro |
| Idioma: | English |
| Publicado: |
Reading, Mass. :
Addison-Wesley, Advanced Book Program,
1977.
|
| Series: | Applied mathematics and computation ;
no. 12 |
| Materias: | |
| Etiquetas: |
Agregar Etiqueta
Sin Etiquetas, Sea el primero en etiquetar este registro!
|
| LEADER | 00874pam a2200253 a 4500 | ||
|---|---|---|---|
| 001 | MAT.inmabb002625 | ||
| 008 | 770301s1977####maua#####b####001#0#eng## | ||
| 005 | 20110906141841.0 | ||
| 245 | 1 | 0 | |a Computational probability and simulation / |c Sidney J. Yakowitz. |
| 260 | |a Reading, Mass. : |b Addison-Wesley, Advanced Book Program, |c 1977. | ||
| 300 | |a xxii, 240 p. : |b il. ; |c 25 cm. | ||
| 440 | 0 | |a Applied mathematics and computation ; |v no. 12 | |
| 504 | |a Incluye referencias bibliográficas. | ||
| 510 | 4 | |a MR, |c 56 #3910 | |
| 020 | |a 0201088924 | ||
| 020 | |a 0201088932 (paperback) | ||
| 100 | 1 | |a Yakowitz, Sidney J., |d 1937- | |
| 650 | 0 | |a Probabilities |x Data processing. | |
| 650 | 0 | |a Digital computer simulation. | |
| 650 | 0 | |a Monte Carlo method. | |
| 084 | |a 60-01 (65CXX) |2 msc2000 | ||
| 010 | |a 77003002 | ||
| 040 | |a DLC |c DLC |d DLC | ||
| 859 | |h 60 |i Y15 |p A-5057 |b BIB. MATEMATICA | ||
